| 000 | 00716nam a2200241 a 4500 | ||
|---|---|---|---|
| 999 |
_c4280 _d4280 |
||
| 001 | 4280 | ||
| 003 | BD-JhCC | ||
| 005 | 20171125193547.0 | ||
| 008 | 171125s19982009bg a|||| |a|| 000 0 ben d | ||
| 020 | _a9844220889 | ||
| 035 | _a(BD-JhCC)4280 | ||
| 040 |
_aBD-JhCC _dBD-JhCC |
||
| 041 | _aben | ||
| 082 |
_a649.1 _bISL 1998 |
||
| 100 | _aইসলাম, জুলফিয়া | ||
| 245 |
_aশিশুর বিকাশ ও পরিচর্যা / _cজুলফিয়া ইসলাম |
||
| 260 |
_aঢাকা : _bবিদ্যা প্রকাশ, _c1998. |
||
| 300 |
_a143 p. : _c22 cm. _billu; |
||
| 650 | _aChild Care | ||
| 650 | _aInfants Care | ||
| 942 |
_2ddc _cBK |
||